Paroles - Je t'aimais, je t'aime, je t'aimerai - Francis Cabrel - Statistiques

Statistiques générales
  • Ce quiz a été pris 1 910 fois
    1 893 depuis la dernière actualisation
  • Le résultat moyen est 195 sur 253
Statistiques - réponses
Paroles % Correct
a
98%
À
98%
m'
98%
t'
98%
j'
97%
s'
97%
Je
96%
je
96%
l'
96%
L'
96%
ai
95%
aime
95%
et
95%
Et
95%
Le
95%
le
95%
aimais
94%
aimerai
94%
d'
94%
les
94%
Les
94%
c'
93%
de
92%
sur
92%
Sur
92%
en
91%
en-
91%
Nu
90%
dans
89%
Dans
89%
te
89%
galets
87%
Mon
87%
mon
87%
tes
87%
un
86%
Un
86%
la
85%
qu'
85%
cheveux
84%
est
84%
Comme
83%
comme
83%
enfant
83%
il
83%
Il
83%
tu
82%
Tu
82%
vent
82%
on
81%
On
81%
amour
79%
nue
79%
79%
79%
que
78%
Que
78%
pour
77%
Pour
77%
défaits
76%
pleuvait
73%
si
73%
partout
72%
espace
70%
moindre
70%
Quoi
68%
recoins
68%
regardes
68%
tombé
68%
coffret
67%
fasses
67%
moindres
67%
vrai
67%
beau
66%
lumière
66%
Seule
66%
seule
66%
attardes
65%
mes
65%
pris
65%
rêve
65%
sûrement
65%
ciel
64%
pourrait
64%
diamant
63%
printemps
63%
trajet
62%
poignets
61%
fait
60%
filets
60%
secrets
60%
connait
59%
nos
59%
vu
59%
Une
58%
qui
57%
tellement
57%
Tellement
57%
doigts
56%
du
56%
prétend
55%
même
54%
suis
54%
regrets
53%
choses
52%
Défaire
52%
repères
52%
laquelle
51%
jamais
50%
Lui
48%
monde
48%
promet
48%
yeux
46%
unique
45%
tous
44%
vie
44%
après
43%
celle
43%
cette
42%
projet
42%
seras
42%
approche
41%
quai
41%
reflets
40%
mêmes
39%
envolera
38%
palais
36%
murs
35%
écrirai
33%
dessous
30%
trouverai
30%
portraits
29%
juste
28%
plafonds
27%
poser
25%
irai
21%
Aucun quiz correspondant
Distribution des résultats
% des personnes avec chaque résultat
Percentile par nombre de réponses
Votre historique - résultats
Vous n’avez pas pris ce quiz depuis la dernière actualisation